[Event "2.ligaD04/05-4"]
[Site "?"]
[Date "????.??.??"]
[Round "?"]
[White "Kalendovsky, Jan"]
[Black "Binder, Jaroslav"]
[Result "1/2-1/2"]
[WhiteElo "2123"]
[BlackElo "1987"]
[PlyCount "24"]
[EventDate "2004.12.05"]

{409MB, EXEO} 1. e4 e5 2. f4 exf4 3. Nc3 Qh4+ 4. Ke2 d6 5. Nf3 Bg4 6. Nd5 Qd8
7. Nxf4 Nf6 8. d3 Nc6 9. Be3 d5 10. h3 dxe4 11. hxg4 exf3+ 12. gxf3 Bd6 1/2-1/2

[Event "2.ligaD04/05-4"]
[Site "?"]
[Date "????.??.??"]
[Round "?"]
[White "Sladek, Vladislav"]
[Black "Vrtal, Jaroslav"]
[Result "0-1"]
[WhiteElo "1894"]
[BlackElo "2143"]
[PlyCount "82"]
[EventDate "2004.12.05"]

{409MB, EXEO} 1. d4 Nf6 2. c4 g6 3. Nc3 c5 4. d5 Bg7 5. e4 d6 6. f3 O-O 7. Be3
Na6 8. Qd2 Re8 9. h4 Nc7 10. g4 e6 11. h5 exd5 12. cxd5 a6 13. hxg6 fxg6 14.
Nge2 b5 15. Ng3 b4 16. Nd1 Qe7 17. Qh2 Bh8 18. Bc4 Nd7 19. Bg5 Qf7 20. Ne3 Ne5
21. Be2 Nb5 22. f4 Nd7 23. Ngf5 gxf5 24. Nxf5 Qg6 25. Nh6+ Kf8 26. O-O-O Nd4
27. Nf5 Nf6 28. Bh6+ Kg8 29. Nxd6 Nxe2+ 30. Qxe2 Bxg4 31. Qg2 Bxd1 32. Qxg6+
hxg6 33. Rxd1 Nxe4 34. Nxe8 Rxe8 35. d6 Rd8 36. d7 Nf6 37. Re1 Kf7 38. Bg5 Rxd7
39. Rf1 Bg7 40. Kc2 Nd5 41. Rh1 c4 0-1

[Event "2.ligaD04/05-4"]
[Site "?"]
[Date "????.??.??"]
[Round "?"]
[White "Klenner, Richard"]
[Black "Krejci, Petr"]
[Result "1-0"]
[WhiteElo "2185"]
[BlackElo "1967"]
[PlyCount "81"]
[EventDate "2004.12.05"]

{409MB, EXEO} 1. e4 d6 2. d4 Nf6 3. Nc3 g6 4. Be2 Bg7 5. h4 c5 6. d5 h5 7. Bg5
a6 8. a4 Nbd7 9. Nf3 Ng4 10. Nd2 Nde5 11. f3 Nf6 12. O-O Nh7 13. Be3 Bd7 14.
Nc4 Rb8 15. a5 Nxc4 16. Bxc4 Bf6 17. g3 g5 18. hxg5 Nxg5 19. Bxg5 Bxg5 20. Qe1
Bf6 21. Kg2 h4 22. g4 h3+ 23. Kh2 Qc8 24. Be2 Bg5 25. f4 Bh4 26. Qd1 Bf6 27.
Ra2 Kd8 28. Rg1 Bd4 29. Rg3 Kc7 30. Na4 Qf8 31. Nb6 Qh6 32. Nxd7 Kxd7 33. g5
Qh4 34. Bg4+ Kc7 35. Qe2 Qh7 36. c3 Bg7 37. b4 e6 38. bxc5 exd5 39. cxd6+ Kxd6
40. e5+ Ke7 41. f5 1-0

[Event "2.ligaD04/05-4"]
[Site "?"]
[Date "????.??.??"]
[Round "?"]
[White "Zejda, Karel"]
[Black "Horak, Jaroslav"]
[Result "1-0"]
[WhiteElo "1814"]
[BlackElo "1855"]
[PlyCount "57"]
[EventDate "2004.12.05"]

{409MB, EXEO} 1. d4 d5 2. Nf3 Nf6 3. c4 c6 4. Nc3 Bg4 5. Ne5 Bh5 6. cxd5 Nxd5
7. g4 Nxc3 8. bxc3 Qd5 9. f3 Bg6 10. e4 Qd8 11. h4 f6 12. h5 Bxe4 13. fxe4 fxe5
14. Bc4 Qa5 15. Qf3 exd4 16. Bd2 d3 17. Bf7+ Kd8 18. Qxd3+ Kc7 19. Be6 Qe5 20.
O-O-O Qd6 21. Qc4 Na6 22. Be3 Qa3+ 23. Kb1 Nb8 24. Qd4 c5 25. Qd8+ Kc6 26. Bd5+
Kb5 27. Bc4+ Kc6 28. Qe8+ Nd7 29. Qxd7+ 1-0

[Event "2.ligaD04/05-4"]
[Site "?"]
[Date "2004.12.05"]
[Round "4"]
[White "Tomášek, Milan"]
[Black "Piza, Vlastimil"]
[Result "1-0"]
[WhiteElo "2248"]
[BlackElo "2298"]
[PlyCount "71"]
[EventDate "2004.12.05"]

{192MB, Fritz8.ctg, HOME-2ZGNFSPZPY} 1. e4 c5 2. b3 Nf6 3. Nc3 d6 4. Bb2 Nc6 5.
g3 e6 6. Bg2 Be7 7. Nge2 O-O 8. O-O a6 9. h3 Qc7 10. g4 b5 11. Ng3 Bb7 12. Nce2
d5 13. d3 dxe4 14. Nxe4 Nxe4 15. Bxe4 f5 16. Bg2 Bf6 17. Bxf6 Rxf6 18. f4 Rd8
19. Qc1 Nb4 20. Rf2 fxg4 21. Bxb7 Qxb7 22. hxg4 Rh6 23. Ng3 Qd5 24. Qe3 Rh3 25.
Re1 Kh8 26. f5 exf5 27. Qe8+ Qg8 28. Qxg8+ Kxg8 29. Nxf5 h5 30. g5 c4 31. Re7
cxd3 32. Rxg7+ Kh8 33. g6 Rg3+ 34. Rg2 Rxg2+ 35. Kxg2 dxc2 36. Rh7+ 1-0

[Event "2.ligaD04/05-4"]
[Site "?"]
[Date "2004.12.05"]
[Round "4"]
[White "Brychta, Jan"]
[Black "Cely, Jaroslav"]
[Result "1-0"]
[WhiteElo "2202"]
[BlackElo "2181"]
[PlyCount "91"]
[EventDate "2004.12.05"]

{192MB, Fritz8.ctg, HOME-2ZGNFSPZPY} 1. Nf3 Nf6 2. g3 c5 3. Bg2 Nc6 4. O-O g6
5. d3 Bg7 6. c4 d5 7. Nc3 d4 8. Na4 Nd7 9. a3 O-O 10. Rb1 Rb8 11. e3 a6 12. Qc2
Qc7 13. b4 b6 14. Re1 e5 15. b5 Nd8 16. exd4 cxd4 17. Qa2 Ne6 18. Bd2 Ndc5 19.
Nxc5 Nxc5 20. Bb4 a5 21. Bxc5 Qxc5 22. a4 Bb7 23. Nd2 Bxg2 24. Kxg2 Kh8 25.
Rbc1 Bh6 26. Nb3 Qb4 27. Rcd1 Rfe8 28. Re2 Rb7 29. Nxd4 Qd6 30. Nc6 e4 31. d4
f5 32. Rde1 Rf8 33. Qc2 Qf6 34. c5 f4 35. Rxe4 fxg3 36. hxg3 Qf3+ 37. Kg1 Rbf7
38. Ne5 Qxf2+ 39. Qxf2 Rxf2 40. c6 Rc2 41. R1e2 Rc1+ 42. Kg2 Rff1 43. Nd7 Bg5
44. Nxb6 Rg1+ 45. Kh3 Rc3 46. Rg4 1-0

[Event "2.ligaD04/05-4"]
[Site "?"]
[Date "2004.12.05"]
[Round "4"]
[White "Vecera, Pavel"]
[Black "Svanda, Pavel"]
[Result "0-1"]
[WhiteElo "2175"]
[BlackElo "2244"]
[PlyCount "78"]
[EventDate "2004.12.05"]

{192MB, Fritz8.ctg, HOME-2ZGNFSPZPY} 1. e4 c5 2. Nf3 d6 3. d4 cxd4 4. Nxd4 Nf6
5. Nc3 e6 6. Bc4 Be7 7. Be3 O-O 8. Qe2 a6 9. Bb3 b5 10. O-O-O Qc7 11. a3 Re8
12. g4 Bb7 13. Qf3 Nbd7 14. Nxe6 fxe6 15. Bxe6+ Kh8 16. g5 Ne5 17. Qg2 Nc4 18.
Bd4 Nxe4 19. Nxe4 Bxe4 20. Qxe4 Bxg5+ 21. Kb1 Nd2+ 22. Rxd2 Bxd2 23. Rg1 Bh6
24. Qg4 Rf8 25. Bf5 Rae8 26. Qh5 Re5 27. Bxe5 dxe5 28. Rd1 Rd8 29. Rxd8+ Qxd8
30. Be4 Qe7 31. Qf5 g6 32. Qc8+ Qf8 33. Qxf8+ Bxf8 34. b4 a5 35. c3 axb4 36.
axb4 Bd6 37. h3 g5 38. Bd3 Kg7 39. Bxb5 h5 0-1

[Event "2.ligaD04/05-4"]
[Site "?"]
[Date "2004.12.05"]
[Round "4"]
[White "Zigo, Viktor"]
[Black "Siebenburger, Vlastimil"]
[Result "1/2-1/2"]
[WhiteElo "2302"]
[BlackElo "2196"]
[PlyCount "39"]
[EventDate "2004.12.05"]

{192MB, Fritz8.ctg, HOME-2ZGNFSPZPY} 1. e4 c5 2. Nf3 Nc6 3. g3 g6 4. Bg2 Bg7 5.
O-O Nf6 6. Re1 d5 7. exd5 Nxd5 8. d3 O-O 9. Nbd2 b6 10. Nc4 Bb7 11. a4 Qc7 12.
c3 Rad8 13. Qb3 Rd7 14. a5 Kh8 15. axb6 axb6 16. Ng5 h6 17. Ne4 Ne5 18. Nxe5
Qxe5 19. Bd2 Qc7 20. f4 1/2-1/2

[Event "2.ligaD04/05-4"]
[Site "?"]
[Date "2004.12.05"]
[Round "4.5"]
[White "Bukacek, Lubomir"]
[Black "Sedlacek, Oldrich"]
[Result "0-1"]
[WhiteElo "2109"]
[BlackElo "2248"]
[PlyCount "56"]
[EventDate "2004.12.05"]

{192MB, Fritz8.ctg, HOME-2ZGNFSPZPY} 1. d4 c5 2. d5 e5 3. c4 d6 4. Nc3 Be7 5.
g3 Bg5 6. Bg2 Bxc1 7. Rxc1 Ne7 8. e4 O-O 9. Nge2 a6 10. O-O b5 11. cxb5 axb5
12. Nxb5 Rxa2 13. Qb3 Ra6 14. Na3 Rb6 15. Qc3 Ba6 16. Rc2 Rb4 17. f4 Nd7 18.
Rf2 Qb6 19. Nc1 exf4 20. gxf4 Nf6 21. Qe1 Re8 22. Na2 Rd4 23. Nc3 Nexd5 24. Ne2
Bxe2 25. Rcxe2 Nb4 26. Qb1 c4 27. Nc2 Nxc2 28. Qxc2 Ng4 0-1

[Event "2.ligaD04/05-4"]
[Site "?"]
[Date "2004.12.05"]
[Round "4.6"]
[White "Kozlicek, Lubomir"]
[Black "Vasut, Karel"]
[Result "1/2-1/2"]
[WhiteElo "2158"]
[BlackElo "2136"]
[PlyCount "31"]
[EventDate "2004.12.05"]

{192MB, Fritz8.ctg, HOME-2ZGNFSPZPY} 1. e4 Nc6 2. d4 d5 3. e5 Bf5 4. Nf3 e6 5.
Bb5 Qd7 6. O-O Nge7 7. Nbd2 a6 8. Ba4 Nc8 9. Re1 Nb6 10. Bb3 Bg4 11. c3 Be7 12.
Nf1 O-O-O 13. Bc2 Rdf8 14. b4 f6 15. exf6 Rxf6 16. a4 1/2-1/2

[Event "2.ligaD04/05-4"]
[Site "?"]
[Date "2004.12.05"]
[Round "4.7"]
[White "Fisar, Josef"]
[Black "Novotny, Bohuslav"]
[Result "1-0"]
[WhiteElo "2038"]
[BlackElo "2032"]
[PlyCount "85"]
[EventDate "2004.12.05"]

{192MB, Fritz8.ctg, HOME-2ZGNFSPZPY} 1. f4 d5 2. Nf3 Nf6 3. e3 c5 4. b3 Bg4 5.
Bb2 e6 6. Bb5+ Nc6 7. O-O Be7 8. Qe1 Bxf3 9. Bxc6+ bxc6 10. Rxf3 O-O 11. d3 Ne8
12. g4 Bf6 13. Nc3 g6 14. g5 Bh8 15. Na4 Bxb2 16. Nxb2 Nd6 17. Qc3 Nb7 18. Na4
Qe7 19. h4 f6 20. Raf1 Rae8 21. Rg3 fxg5 22. Rxg5 Rf5 23. e4 Rxg5+ 24. fxg5
dxe4 25. dxe4 Qd6 26. Qf3 Rf8 27. Qxf8+ Qxf8 28. Rxf8+ Kxf8 29. e5 Ke7 30. Kf2
c4 31. b4 Nd8 32. Ke3 Nf7 33. Kf4 Nd8 34. Nb2 c3 35. Na4 c5 36. b5 Kd7 37. Nxc3
Kc7 38. Ne4 Kb6 39. c4 Nb7 40. Nf6 Na5 41. Nxh7 Nxc4 42. Nf8 Kxb5 43. h5 1-0

[Event "2.ligaD04/05-4"]
[Site "?"]
[Date "2004.12.05"]
[Round "4.8"]
[White "Bina, Josef"]
[Black "Svoboda, Ivo"]
[Result "1/2-1/2"]
[WhiteElo "2062"]
[BlackElo "2026"]
[PlyCount "46"]
[EventDate "2004.12.05"]

{192MB, Fritz8.ctg, HOME-2ZGNFSPZPY} 1. e4 c5 2. Nf3 d6 3. d4 cxd4 4. Nxd4 Nf6
5. Nc3 a6 6. Be2 e6 7. O-O Be7 8. f4 Qc7 9. Be3 Nc6 10. Kh1 O-O 11. a4 Nxd4 12.
Bxd4 b6 13. Bf3 e5 14. Be3 Bb7 15. Qd3 Rac8 16. Rf2 Rfe8 17. Rd2 Bf8 18. f5 Qc4
19. Bxb6 Qb4 20. Bg1 d5 21. Re1 dxe4 22. Bxe4 Qxb2 23. Bxb7 Qxb7 1/2-1/2

[Event "2.ligaD04/05-5"]
[Site "?"]
[Date "????.??.??"]
[Round "?"]
[White "Holemar, David"]
[Black "Cely, Jaroslav"]
[Result "1/2-1/2"]
[WhiteElo "2181"]
[BlackElo "2326"]
[PlyCount "80"]
[EventDate "2004.12.20"]

1. d4 d6 2. c4 e5 3. Nf3 Bg4 4. dxe5 Bxf3 5. exf3 dxe5 6. Qxd8+ Kxd8 7. Nc3 c6
8. f4 Bd6 9. fxe5 Bxe5 10. Bd2 Nf6 11. O-O-O Kc7 12. f4 Bd6 13. Be2 h5 14. Bf3
Nbd7 15. Kc2 Rad8 16. g3 Rhe8 17. h3 Nc5 18. Rhe1 Ne6 19. Be3 Bc5 20. Rxd8 Rxd8
21. Bxc5 Nxc5 22. Re3 Ne6 23. Ne2 g6 24. Ra3 a6 25. Re3 h4 26. g4 Nd4+ 27. Nxd4
Rxd4 28. g5 Nd7 29. Bg4 f5 30. gxf6 Nxf6 31. Re7+ Kb8 32. Rg7 Nxg4 33. hxg4
Rxc4+ 34. Kd3 Rxf4 35. Rxg6 Rf2 36. Kc3 Rg2 37. g5 h3 38. Rh6 Rxg5 39. Rxh3 Kc7
40. Rh7+ Kb6 1/2-1/2

[Event "2.ligaD04/05-5"]
[Site "?"]
[Date "????.??.??"]
[Round "?"]
[White "Vecera, Pavel"]
[Black "Skacelik, Petr"]
[Result "1/2-1/2"]
[WhiteElo "2175"]
[BlackElo "2279"]
[PlyCount "91"]
[EventDate "2004.12.20"]

1. e4 c5 2. Nf3 e6 3. d4 cxd4 4. Nxd4 a6 5. Bd3 Bc5 6. Nb3 Ba7 7. Nc3 Nc6 8.
O-O Nf6 9. Bg5 d6 10. Kh1 h6 11. Bd2 e5 12. Qe1 g5 13. Bc4 Be6 14. Nd5 Bxd5 15.
Bxd5 Nxd5 16. exd5 Ne7 17. c4 O-O 18. Rd1 Rc8 19. Qe2 Qd7 20. Qh5 Kg7 21. c5
Bxc5 22. Bc3 f6 23. g3 Ba7 24. f4 Qa4 25. Qf3 Nf5 26. Rfe1 Qd7 27. Rd2 Ne7 28.
Na5 Bb6 29. b3 Bxa5 30. Bxa5 Qb5 31. Bc3 Rc5 32. Red1 Ng6 33. Bb2 Rc7 34. fxe5
fxe5 35. Qe2 Qb6 36. Qg2 Rcf7 37. Qg1 Qb5 38. Kg2 Ne7 39. h3 Nf5 40. Rc1 Qb4
41. Re2 Ne7 42. Qe3 g4 43. a4 gxh3+ 44. Kxh3 Ng6 45. Bc3 Qa3 46. Bb2 1/2-1/2

[Event "2.ligaD04/05-5"]
[Site "?"]
[Date "????.??.??"]
[Round "?"]
[White "Cagasik, Tomas"]
[Black "Siebenburger, Vlastimil"]
[Result "1-0"]
[WhiteElo "2254"]
[BlackElo "2196"]
[PlyCount "153"]
[EventDate "2004.12.20"]

1. e4 c5 2. b4 cxb4 3. Bb2 d5 4. exd5 Qxd5 5. Nf3 Nf6 6. Be2 e6 7. a3 Nc6 8.
axb4 Bxb4 9. c3 Be7 10. d4 O-O 11. O-O b5 12. Na3 Bxa3 13. Bxa3 Re8 14. Ne5
Nxe5 15. dxe5 Bb7 16. Qxd5 Nxd5 17. Bxb5 Rec8 18. c4 Nf4 19. Rfb1 a6 20. Bd7
Rc7 21. Rxb7 Rxb7 22. Bc6 Rab8 23. Bxb7 Rxb7 24. g3 Ne2+ 25. Kf1 Nd4 26. Bd6
Ra7 27. Bc5 Nb3 28. Rd1 Ra8 29. Bb6 h6 30. Rd3 Nc1 31. Ra3 Rc8 32. c5 a5 33. f4
f6 34. exf6 gxf6 35. Ke1 a4 36. Kd1 Nb3 37. Rxa4 Rc6 38. Rc4 e5 39. Kc2 Nd4+
40. Kd3 Kf7 41. Ra4 Ke6 42. Ra8 Kf5 43. Rh8 Ne6 44. Kc4 exf4 45. gxf4 Nxf4 46.
Rxh6 Rc8 47. Kb5 Kg5 48. Rh7 Kg6 49. Rd7 Rh8 50. c6 Rh5+ 51. Kb4 Rh4 52. c7
Nd5+ 53. Kc5 Nxc7 54. Bxc7 Re4 55. Rd4 Re2 56. Bg3 f5 57. Kc4 Kg5 58. Kd3 Re6
59. Rf4 Re8 60. h4+ Kg6 61. Bf2 Re5 62. Bd4 Rd5 63. Ke3 Ra5 64. Kf3 Ra3+ 65.
Kg2 Rd3 66. Bf2 Rd5 67. Rf3 Rb5 68. Rg3+ Kf6 69. Bd4+ Kf7 70. Rg7+ Kf8 71. Ra7
Rd5 72. Bf6 Kg8 73. Kf3 Rd6 74. Be5 Rg6 75. h5 Rg5 76. h6 Rh5 77. Rg7+ 1-0

[Event "2.ligaD04/05-5"]
[Site "?"]
[Date "????.??.??"]
[Round "?"]
[White "Vasut, Karel"]
[Black "Cetkovsky, Petr"]
[Result "1-0"]
[WhiteElo "2136"]
[BlackElo "2140"]
[PlyCount "135"]
[EventDate "2004.12.20"]

1. b4 e5 2. Bb2 d6 3. e3 f5 4. c4 Nf6 5. Nc3 Be6 6. Nf3 Be7 7. d4 e4 8. Ng5 Bg8
9. Be2 h6 10. Nh3 g5 11. f3 exf3 12. Bxf3 Nc6 13. Qa4 Qd7 14. Bxc6 Qxc6 15. d5
Qxa4 16. Nxa4 b5 17. cxb5 Bxd5 18. O-O Be6 19. g4 Rf8 20. gxf5 Bc4 21. Rfe1
Bxb5 22. Nc3 Bc6 23. e4 Rb8 24. Ba3 Ng4 25. Rac1 Ne5 26. Red1 g4 27. Nf2 Bg5
28. Rc2 a6 29. Re2 h5 30. Nd3 Nf3+ 31. Kf1 Nd4 32. Rg2 Bf6 33. Rc1 Kd7 34. Rf2
Rbe8 35. Nf4 Bh4 36. Rd2 Nf3 37. Re2 Bg5 38. Ne6 Bxc1 39. Nxf8+ Rxf8 40. Bxc1
Nd4 41. Rd2 Nf3 42. Re2 Ne5 43. a3 Re8 44. Kg2 Nd3 45. Bd2 h4 46. Re3 Ne5 47.
Be1 Nf3 48. h3 Nxe1+ 49. Rxe1 g3 50. Kf3 Rg8 51. Re2 Ke7 52. Rc2 Kf6 53. Ne2
Be8 54. Nf4 c6 55. Ng2 Kg5 56. Rd2 d5 57. exd5 cxd5 58. Rd4 Bh5+ 59. Ke3 Re8+
60. Kd3 Bf3 61. Ne3 Be4+ 62. Ke2 Kf4 63. Nxd5+ Ke5 64. Rxe4+ Kxe4 65. Nf6+
Kxf5+ 66. Nxe8 Kf4 67. a4 Ke4 68. Nc7 1-0

[Event "2.ligaD04/05-5"]
[Site "?"]
[Date "????.??.??"]
[Round "?"]
[White "Moulis, Mojmir"]
[Black "Fisar, Josef"]
[Result "0-1"]
[WhiteElo "2109"]
[BlackElo "2044"]
[PlyCount "76"]
[EventDate "2004.12.20"]

1. e4 Nf6 2. e5 Nd5 3. c4 Nb6 4. d4 d6 5. f4 dxe5 6. fxe5 Nc6 7. Be3 Bf5 8. Nf3
e6 9. Be2 Qd7 10. O-O Rd8 11. a3 Be7 12. b4 a6 13. Nbd2 O-O 14. Nb3 Na4 15. Qc1
f6 16. Ra2 Bg4 17. Rd2 Qe8 18. Bf4 fxe5 19. dxe5 Qg6 20. Rxd8 Rxd8 21. Qe3 a5
22. bxa5 Nxa5 23. Kh1 Nxb3 24. Qxb3 Nc5 25. Qb1 Qxb1 26. Rxb1 Ra8 27. Bc1 b6
28. h3 Bf5 29. Rb5 Nd3 30. Be3 Rxa3 31. Nd4 Be4 32. Nxe6 Ne1 33. Bf4 Nxg2 34.
Kg1 Rxh3 35. Bh2 Nh4 36. Bg4 Nf3+ 37. Bxf3 Rxf3 38. Rb2 Kf7 0-1

[Event "2.ligaD04/05-5"]
[Site "?"]
[Date "????.??.??"]
[Round "?"]
[White "Bilek, Roman"]
[Black "Simbera, Jiri"]
[Result "1-0"]
[WhiteElo "2108"]
[BlackElo "2097"]
[PlyCount "95"]
[EventDate "2004.12.20"]

1. d4 f5 2. g3 Nf6 3. Bg2 e6 4. Nf3 d5 5. O-O Bd6 6. b3 O-O 7. Ba3 b6 8. Bxd6
Qxd6 9. Ne5 Nbd7 10. Nxd7 Bxd7 11. c4 Rac8 12. Nd2 c5 13. dxc5 bxc5 14. e3 Bc6
15. Rc1 Rfd8 16. cxd5 Bxd5 17. Bxd5 exd5 18. Qf3 Qe6 19. Rfd1 h6 20. Rc2 d4 21.
Nc4 Qe4 22. Qxe4 fxe4 23. Rcd2 d3 24. f3 exf3 25. Rxd3 Rxd3 26. Rxd3 g5 27. e4
g4 28. e5 Ne8 29. h3 gxh3 30. Rxf3 Rd8 31. Kh2 Rd1 32. Kxh3 Ng7 33. Ne3 Rd3 34.
Kg2 h5 35. Nc4 Rd4 36. Rf6 Re4 37. Kf3 Re1 38. Kf2 Re4 39. Rc6 Nf5 40. Rxc5 Nd4
41. Ne3 h4 42. gxh4 Rxh4 43. Rc4 Rf4+ 44. Ke1 Re4 45. Kd2 Nf3+ 46. Ke2 Ng1+ 47.
Kd3 Rxe5 48. Rg4+ 1-0

[Event "2.ligaD04/05-5"]
[Site "?"]
[Date "????.??.??"]
[Round "?"]
[White "Komprda, Pavel"]
[Black "Svoboda, Ivo"]
[Result "0-1"]
[WhiteElo "2090"]
[BlackElo "2026"]
[PlyCount "121"]
[EventDate "2004.12.20"]

1. e4 c5 2. Nf3 d6 3. d4 cxd4 4. Nxd4 Nf6 5. Nc3 a6 6. Bg5 e6 7. f4 Be7 8. Qf3
Qc7 9. O-O-O Nc6 10. g4 b5 11. e5 Bb7 12. Bg2 Na5 13. Qe2 dxe5 14. fxe5 Nd5 15.
Bd2 Nxc3 16. Bxc3 Bxg2 17. Qxg2 O-O 18. Bxa5 Qxa5 19. Kb1 Qc7 20. Qe4 Rac8 21.
Rd3 Qb6 22. Rh3 g6 23. Qf4 f6 24. Rd1 Rcd8 25. Rhd3 Rd5 26. Nb3 fxe5 27. Qg3 e4
28. Rxd5 exd5 29. Qe5 Qd6 30. Qd4 Rd8 31. h3 Bf6 32. Qe3 Be5 33. c3 Rf8 34. Qa7
Bg7 35. Nd2 Qe5 36. Qe3 b4 37. Nb3 bxc3 38. bxc3 Rf3 39. Qc5 Rxc3 40. Qxd5+
Qxd5 41. Rxd5 Rxh3 42. Rd8+ Kf7 43. Rd7+ Kf8 44. Nc5 e3 45. Kc2 e2 46. Kd2 Re3
47. Nd3 Bh6 48. Rxh7 Rxd3+ 49. Kxe2 Rh3 50. g5 Kg8 51. Rxh6 Rxh6 52. gxh6 Kh7
53. Kf3 Kxh6 54. Kg4 a5 55. a4 Kg7 56. Kg5 Kf7 57. Kg4 Ke6 58. Kg5 Kd5 59. Kxg6
Kc4 60. Kf5 Kb4 61. Ke4 0-1

[Event "2.ligaD04/05-5"]
[Site "?"]
[Date "????.??.??"]
[Round "?"]
[White "Riha, Otmar"]
[Black "Kubicek, Pavel"]
[Result "0-1"]
[WhiteElo "1993"]
[BlackElo "1891"]
[PlyCount "77"]
[EventDate "2004.12.20"]

1. d4 Nf6 2. Nf3 g6 3. c4 Bg7 4. Nc3 d5 5. Qb3 dxc4 6. Qxc4 O-O 7. e4 c6 8. Be2
Nbd7 9. O-O Nb6 10. Qd3 Be6 11. Rd1 Bc4 12. Qc2 Bxe2 13. Qxe2 Qc7 14. Be3 Rad8
15. Rac1 Qb8 16. b4 Ng4 17. Bg5 f6 18. Bh4 h5 19. Bg3 Qa8 20. h3 Nh6 21. b5 Nf7
22. bxc6 bxc6 23. Qc2 Kh7 24. Ne2 Bh6 25. Bf4 Rc8 26. Bxh6 Kxh6 27. Qd2+ Kg7
28. Nf4 Rfe8 29. Nh4 e5 30. Nfxg6 exd4 31. Qxd4 Rcd8 32. Qc5 Rxd1+ 33. Rxd1 Ne5
34. Nf4 Nbd7 35. Nf5+ Kh7 36. Qc2 Qb8 37. Qe2 Rh8 38. Rxd7+ Nxd7 39. Qxh5+ 0-1

[Event "2.ligaD04/05-5"]
[Site "?"]
[Date "????.??.??"]
[Round "?"]
[White "Piza, Vlastimil"]
[Black "Hladik, Josef"]
[Result "0-1"]
[WhiteElo "2298"]
[BlackElo "2216"]
[PlyCount "82"]
[EventDate "2004.12.20"]

{192MB, Fritz8.ctg, V-ZIGO} 1. e4 e5 2. Nf3 Nc6 3. Bb5 Nf6 4. O-O Nxe4 5. d4
Nd6 6. Bxc6 dxc6 7. dxe5 Nf5 8. Qxd8+ Kxd8 9. Nc3 h6 10. h3 Bd7 11. Ne2 c5 12.
Rd1 Kc8 13. Nf4 Bc6 14. Nd5 b6 15. c4 Kb7 16. Bf4 Re8 17. Rd3 g5 18. Bh2 Bg7
19. Re1 Re6 20. g4 Ne7 21. b4 cxb4 22. Nd4 Nxd5 23. cxd5 Bxd5 24. Nf5 Bxa2 25.
Nxg7 Rc6 26. Nf5 a5 27. Nd4 Rc5 28. e6 fxe6 29. Nxe6 Bxe6 30. Rxe6 a4 31. Be5
Ra8 32. Bg7 Rc1+ 33. Kg2 a3 34. Re4 c5 35. Re7+ Ka6 36. Re6 a2 37. Rxh6 c4 38.
Rdd6 c3 39. Rxb6+ Ka5 40. Rbg6 a1=Q 41. Rxg5+ Ka4 0-1

[Event "2.ligaD04/05-5"]
[Site "?"]
[Date "????.??.??"]
[Round "?"]
[White "Uhmann, Jan"]
[Black "Brychta, Jan"]
[Result "0-1"]
[WhiteElo "2223"]
[BlackElo "2202"]
[PlyCount "84"]
[EventDate "2004.12.20"]

{192MB, Fritz8.ctg, V-ZIGO} 1. d4 Nf6 2. c4 g6 3. Nc3 Bg7 4. e4 d6 5. f4 O-O 6.
Nf3 c5 7. d5 e6 8. Be2 exd5 9. cxd5 Re8 10. Nd2 b6 11. O-O Ba6 12. a4 Bb7 13.
Bf3 Na6 14. Nc4 Nb4 15. Re1 Ba6 16. Nb5 Bxb5 17. axb5 a6 18. e5 dxe5 19. fxe5
Nfxd5 20. bxa6 Ra7 21. Bxd5 Qxd5 22. Qxd5 Nxd5 23. Bg5 Nb4 24. Bf6 Nc2 25. Nd6
Rea8 26. Nb5 Nxa1 27. Nxa7 Nc2 28. Rd1 Nd4 29. Nb5 Nxb5 30. Rd8+ Rxd8 31. Bxd8
Bxe5 32. Bxb6 Bb8 33. Kf1 Ba7 34. Ba5 c4 35. Ke2 f5 36. Kd2 Kf7 37. Kc2 Ke6 38.
b3 Nd4+ 39. Kc3 cxb3 40. Kb2 Kd5 41. Bc3 Kc4 42. Bd2 Nb5 0-1

[Event "2.ligaD04/05-5"]
[Site "?"]
[Date "????.??.??"]
[Round "?"]
[White "Svanda, Pavel"]
[Black "Svehla, Karel"]
[Result "1-0"]
[WhiteElo "2244"]
[BlackElo "2151"]
[PlyCount "143"]
[EventDate "2004.12.20"]

{192MB, Fritz8.ctg, V-ZIGO} 1. e4 {[%emt 0:00:00]} 1... e6 2. d4 d5 3. Nd2 f5
4. exf5 exf5 5. Ndf3 Nf6 6. Bg5 Be7 7. Ne5 O-O 8. Ngf3 Ne4 9. Bxe7 Qxe7 10. c3
Nd7 11. Bd3 c5 12. O-O c4 13. Nxd7 Bxd7 14. Bxe4 fxe4 15. Ne5 Rf6 16. Qd2 Raf8
17. f3 exf3 18. Rxf3 Rxf3 19. Nxf3 Bf5 20. Ne5 Qd6 21. Rf1 Be6 22. Rxf8+ Qxf8
23. h3 Qf5 24. Kh2 h6 25. b3 cxb3 26. axb3 Qe4 27. b4 Kf8 28. Qf2+ Kg8 29. Qg3
Kh7 30. Nf3 b6 31. Qc7 a5 32. bxa5 bxa5 33. Qxa5 Qf4+ 34. Kh1 Qe3 35. Ng1 Bf7
36. Qc7 Bg6 37. Kh2 Be4 38. Qg3 Qd2 39. Nf3 Qe2 40. Ne5 Qc2 41. Ng4 h5 42. Ne5
Kg8 43. h4 Qe2 44. Ng6 Qc2 45. Nf4 g6 46. Ne6 Kf7 47. Ng5+ Ke8 48. c4 Kd7 49.
c5 Kc6 50. Ne6 Kb5 51. Nf4 Qd2 52. Ne6 Qc2 53. Ng5 Kc6 54. Nf7 Qd2 55. Ne5+ Kb5
56. Qb3+ Qb4 57. Qxb4+ Kxb4 58. Nc6+ Kc3 59. Ne7 Kxd4 60. c6 Bd3 61. c7 Ba6 62.
Kg3 Ke4 63. c8=Q Bxc8 64. Nxc8 d4 65. Nb6 d3 66. Nc4 Kd4 67. Nb2 d2 68. Kf4 Kc3
69. Nd1+ Kd3 70. Kg5 Ke2 71. Nb2 Kf2 72. Kxg6 1-0

[Event "2.ligaD04/05-5"]
[Site "?"]
[Date "????.??.??"]
[Round "?"]
[White "Bakos, Eduard"]
[Black "Zigo, Viktor"]
[Result "1/2-1/2"]
[WhiteElo "2119"]
[BlackElo "2302"]
[PlyCount "75"]
[EventDate "2004.12.20"]

{192MB, Fritz8.ctg, V-ZIGO} 1. g3 d5 2. Bg2 e5 3. c4 dxc4 4. Qa4+ c6 5. Qxc4
Be6 6. Qc2 Nd7 7. Nf3 Bc5 8. O-O Qe7 9. d3 h6 10. Nbd2 Ngf6 11. Nc4 Bxc4 12.
Qxc4 O-O 13. Nh4 Rfe8 14. Nf5 Qe6 15. Qxe6 Rxe6 16. b4 Bf8 17. Rb1 a6 18. Be3
Nd5 19. Bxd5 cxd5 20. Rfc1 Rc6 21. Bd2 Rac8 22. Rxc6 Rxc6 23. b5 Rc2 24. bxa6
bxa6 25. Bb4 Bxb4 26. Rxb4 Rxe2 27. Ne7+ Kh7 28. Nxd5 Rxa2 29. Rb7 Nc5 30. Rxf7
Nxd3 31. h4 Kg6 32. Rf8 h5 33. Ne7+ Kh7 34. Rf5 Kh6 35. Ng8+ Kh7 36. Ne7 Kh6
37. Ng8+ Kh7 38. Ne7 1/2-1/2

[Event "2.ligaD04/05-5"]
[Site "?"]
[Date "????.??.??"]
[Round "?"]
[White "Sedlacek, Oldrich"]
[Black "Stefl, Vladimir"]
[Result "1-0"]
[WhiteElo "2248"]
[BlackElo "2135"]
[PlyCount "67"]
[EventDate "2004.12.20"]

{192MB, Fritz8.ctg, V-ZIGO} 1. Nf3 Nf6 2. g3 g6 3. Bg2 Bg7 4. d4 O-O 5. c4 d6
6. O-O Nc6 7. Nc3 Bg4 8. h3 Bxf3 9. exf3 Nd7 10. Be3 e5 11. d5 Ne7 12. f4 f5
13. Qd2 Rf7 14. fxe5 Bxe5 15. f4 Bf6 16. Rae1 a5 17. Re2 b6 18. Rfe1 Nc5 19.
Nb5 Qd7 20. Bd4 Re8 21. Qc3 Bxd4+ 22. Nxd4 Ne4 23. Bxe4 fxe4 24. Rxe4 Ra8 25.
g4 Raf8 26. Qe3 Nc8 27. Kg2 Qa4 28. Nc6 Qxa2 29. Re2 Qa4 30. Qc3 Qa1 31. Re1
Qa2 32. R1e2 b5 33. b3 Qa3 34. cxb5 1-0

[Event "2.ligaD04/05-5"]
[Site "?"]
[Date "????.??.??"]
[Round "?"]
[White "Cip, Dalibor"]
[Black "Kozlicek, Lubomir"]
[Result "1/2-1/2"]
[WhiteElo "2179"]
[BlackElo "2158"]
[PlyCount "93"]
[EventDate "2004.12.20"]

{192MB, Fritz8.ctg, V-ZIGO} 1. Nf3 Nf6 2. c4 e6 3. g3 b6 4. Bg2 Bb7 5. d4 Bb4+
6. Bd2 Bxd2+ 7. Nbxd2 O-O 8. O-O Qe7 9. Qc2 d6 10. e4 e5 11. d5 a5 12. Ne1 Nbd7
13. Nd3 Nc5 14. Nxc5 dxc5 15. Rae1 Ne8 16. f4 f6 17. fxe5 fxe5 18. Rxf8+ Kxf8
19. Nf3 Nd6 20. Qc3 Re8 21. Bh3 Bc8 22. Bxc8 Nxc8 23. Qe3 Nd6 24. b3 Nf7 25.
Rf1 Kg8 26. Nh4 g6 27. Qf3 Rf8 28. Qg4 Qg5 29. Qe2 Nd6 30. Rxf8+ Kxf8 31. Nf3
Qg4 32. Qe3 Qxe4 33. Qxe4 Nxe4 34. Nxe5 Nc3 35. a4 Ne2+ 36. Kf2 Nd4 37. Ke3
Nxb3 38. Nf3 Ke7 39. Ng5 h6 40. Ne6 c6 41. Nf4 g5 42. Ng6+ Kd6 43. dxc6 Nd4 44.
c7 Kxc7 45. Ne7 Kd6 46. Nc8+ Kc7 47. Ne7 1/2-1/2